000 00744nam a2200253Ia 4500
003 OSt
005 20221005023417.0
006 a|||||r|||| 00| 0
007 ta
008 221004b |||||||| |||| 00| 0 ara d
020 _c2010
024 _a27160
037 _b000229-232, 01/03/2016, Arabian Book House
_cTextual
040 _aCRL
_cCRL
_bara
041 _2ara
_aara
082 _aQ7wD583, 28Q5
100 _aNomani Shibli Au.
245 0 _aSeeratul faruque umar bin al khitab
260 _aBeirut
_bDarul Qalam Lebanon
_c2015
300 _a622p.
_ccm.
650 _aISLAM
942 _hQ7wD583, 28Q5
_cTEXL
_2cc
999 _c931195
_d931195